| 000 | 00527cam a22002172a 4500 | ||
|---|---|---|---|
| 001 | 012740 | ||
| 003 | AR-FADEU | ||
| 008 | 311216n1937####xxu####################dd | ||
| 020 | _a0-14-00.0095-X | ||
| 092 |
_a823.01 _bC525m |
||
| 100 | _aChesterton, G. K. | ||
| 245 | _aThe man who was thursday | ||
| 260 | _aHarmondsworth | ||
| 260 | _bPenguin | ||
| 260 | _c1937 | ||
| 300 | _a185 p. | ||
| 440 | _aModern classics | ||
| 650 | _aLITERATURA INGLESA-SIGLO XX; NOVELA/REVISADO/ | ||
| 546 | _ainglés | ||
| 942 | _cBDGR | ||
| 999 |
_c18508 _d18508 |
||